Nghệ thuật thăng tiến (Văn hóa giao tiếp nơi công sở)

Đã lưu trong:
Sonraí Bibleagrafaíochta
Príomhúdar: Lưu Quân Sư
Formáid: Leabhar
Teanga:Undetermined
Foilsithe: H. VHTT 2004
Ábhair:
Clibeanna: Cuir Clib Leis
Gan Chlibeanna, Bí ar an gcéad duine leis an taifead seo a chlibeáil!
Thư viện lưu trữ: Trung tâm Học liệu Trường Đại học Cần Thơ
LEADER 00540nam a2200193Ia 4500
001 CTU_62545
008 210402s9999 xx 000 0 und d
020 |b 40000 
082 |a 158.26 
082 |b S550 
100 |a Lưu Quân Sư 
245 0 |a Nghệ thuật thăng tiến (Văn hóa giao tiếp nơi công sở) 
245 0 |c Lưu Quân Sư 
260 |a H. 
260 |b VHTT 
260 |c 2004 
650 |a interpersonal relations 
904 |i Minh 
980 |a Trung tâm Học liệu Trường Đại học Cần Thơ